Jugate con Clair /

Guardado en:
Autor Principal: DRD.
Formato: Deslizar
Materias:
ESC
Etiquetas: Agregar Etiqueta
Sin Etiquetas, Sea el primero en etiquetar este registro!
LEADER 00781ngm a22002415g 4500
001 CEM.cems021832
008 130507b1992##################0###0#####d
005 20240916174904.0
245 1 0 |a Jugate con Clair /  |c DRD. 
300 |a 21 
500 |a En soporte VHS, consultar en ventanilla. 
538 |a Soporte: VHS - Norma: NTSC - Color - Grabación DRD 1992 - Hitachi=0000. 
505 0 |a Trabajo realizado por alumnos de la Escuela Superior de Comercio: 5to.año 1992. Tema: Amortización. 
100 1 |a DRD. 
082 6 5 |/ DRD-2 
653 |a CONTABILIDAD 
653 |a DIDACTICA 
653 |a BAHIA BLANCA-EMUNS 
653 |a EMUNS 
653 |a ESC 
653 |a EPUNS 
653 |a NIVEL SECUNDARIO 
859 |a CEMS  |b BIB. CEMS - Depto. Recursos Didacticos  |h 657  |i DRD-2  |k DRD  |p 475.12  |t Ej.1